Marques les plus suivies sur Twitter - Statistiques

Statistiques générales
  • Ce quiz a été pris 167 fois
  • Le résultat moyen est 6 sur 15
Statistiques - réponses
Followers
(Millions)
Domaine Marque % Correct
65.0 Réseau social Twitter
95%
45.8 Club de sport Real Madrid CF
70%
67.6 Espace NASA
61%
41.1 Ligue sportive NBA
54%
51.4 Télévision (info) BBC Breaking News
51%
39.0 Télévision (info) BBC World News
51%
45.2 Club de sport FC Barcelona
43%
54.7 Presse The New York Times
33%
77.9 Réseau social YouTube
32%
60.7 Télévision (info) CNN
30%
64.0 Télévision (info) CNN Breaking News
30%
45.7 Ligue sportive UEFA Champions League
27%
43.6 Télévision (sport) ESPN
14%
41.3 Télévision (sport) SportsCenter
1%
51.6 Politique PMO India
0%
Aucun quiz correspondant
Distribution des résultats
% des personnes avec chaque résultat
Percentile par nombre de réponses
Votre historique - résultats
Vous n’avez pas pris ce quiz